| 000 | 00524nam a2200181 a 4500 | ||
|---|---|---|---|
| 001 | 3824 | ||
| 003 | CDMR | ||
| 005 | 20130502195927.0 | ||
| 008 | 130130s1999||||||||||||||||||||||||||||d | ||
| 020 | _a8449306531 | ||
| 040 |
_aCDMR _bcat _cCDMR |
||
| 100 | 1 |
_aAznar, Hugo _9383 |
|
| 245 | 1 | 0 |
_aÉtica y periodismo _b: códigos, estatutos y otros documentos de autorregulación _cHugo Aznar |
| 260 |
_aBarcelona _c1999 _bPaidós |
||
| 490 | 0 |
_aPapeles de comunicación _v23 |
|
| 650 |
_9983 _aÈtica periodística |
||
| 942 |
_cMON _2udc |
||
| 999 |
_c3824 _d3824 |
||